00468nam a2200169Ia 45000030006000000080041000060400015000471000017000622450029000792500011001082600009001195460012001289420012001409990015001520050017001679520114001840STCL150530s9999 xx 000 0 und d aSTCLcSTCL aHadley, A.T. aMoral Basis of Democracy aSecond c1920 aEnglish 2ddccBK c7254d725420220125165446.0 00102ddc4070aSTCALbSTCALcGENd2015-05-30g8.00l0o321.8-37p48568r2015-05-30 00:00:00w2015-05-30yBK